00320nam a2200121Ia 4500008004100000041000800041082001600049100001100065245005300076260003300129300001900162999001700181241015s9999 xx 000 0 und d aeng a658.408 FRA aFradin aSuccessful Product Design And Management Toolkit bWiley IndiaaNew Delhic2019 a784;. P. 25 cm c41832d41832